Štatistická gramotnosť dospelých

Pojem štatistická gramotnosť. Úvodné štatistické kurzy na vysokých školách. Členenie štatistickej gramotnosti. Vedomostné prvky štatistickej gramotnosti. Dispozičné aspekty štatistickej gramotnosti.

Salvato in:
Dettagli Bibliografici
Autore principale: Liptáková, Erika
Altri autori: Bričová, Zuzana
Natura: Capitolo di libro
Lingua:slovacco
Soggetti:
Tags: Aggiungi Tag
Nessun Tag, puoi essere il primo ad aggiungerne!!

MARC

LEADER 00000nla$a2200000$$$4500
001 0148473
005 20240502072654.2
041 0 |a slo 
044 |a SK 
245 1 0 |a Štatistická gramotnosť dospelých  |c Erika Liptáková, Zuzana Bričová 
520 |a Pojem štatistická gramotnosť. Úvodné štatistické kurzy na vysokých školách. Členenie štatistickej gramotnosti. Vedomostné prvky štatistickej gramotnosti. Dispozičné aspekty štatistickej gramotnosti. 
610 2 0 |a gramotnosť 
610 2 0 |a vzdelanie 
610 2 0 |a vzdelávanie 
610 2 0 |a štatistika 
610 2 0 |a školy vysoké 
610 2 0 |a informácie štatistické 
610 2 0 |a vedomosti 
100 1 |a Liptáková, Erika 
700 1 |a Bričová, Zuzana